| 000 | 01044nam a2200265 i 4500 | ||
|---|---|---|---|
| 003 | IT-RoINE | ||
| 005 | 20210217070459.0 | ||
| 008 | 161125s2016 sp |r 000|| spa|d | ||
| 020 | _a9788497049474 | ||
| 040 |
_aSpMaBN _cSpMaBN IT-RoINE _dIT-RoINE |
||
| 245 | 0 | 0 |
_aBibliotecas y clase social en la España de Carlos V (1516-1556) / _cJosé María Díez Borque (dir.), Isabel Díez Ménguez (ed.) |
| 260 |
_aSomonte-Cenero, Gijón : _bTrea, _cD.L. 2016. |
||
| 300 |
_a134 p. ; _b24 cm. |
||
| 336 |
_aTexto (visual) _2isbdcontent |
||
| 337 |
_2rdamedia _aunmediated |
||
| 338 |
_2rdacarrier _avolume |
||
| 490 | 1 |
_aBiblioteconomía y administración cultural ; _v294 |
|
| 504 | _aBibliografía: p. 133-134. | ||
| 650 | 4 |
_aBibliotecas privadas _zEspaña _ySiglo 16o. _955672 |
|
| 650 | 4 |
_aLibros y lectura _zEspaña _ySiglo 16o. _955673 |
|
| 700 | 1 |
_aDíez Borque, José María, _d1947- _914393 |
|
| 700 | 1 |
_aDíez Ménguez, Isabel, _d1968- _955674 |
|
| 830 | 0 |
_913329 _aBiblioteconomía y administración cultural (Trea) ; _v294 |
|
| 942 | _cMTS | ||
| 999 |
_c28221 _d28221 |
||